000 01751nam a2200205Ia 4500
001 b7234-53494
003 IT-MiCISF
008 161014s9999||||xx |||||||||||||| ||und||
040 _aIT-MiCISF
_cIT-MiCISF
041 _ait
100 _aZavattini Giulio Cesare (a cura di)
245 0 _aParlando con la coppia
_bPsicoterapia psicoanalitica della relazione di coppia
250 _a1a ed.
260 _a Roma
_bBorla
_c2013
300 _app. 186
500 _aBianchini D., Capello M., Dallanegra L., Lupinacci M.A., Monguzzi F., Vitalini L. / terapia-di-coppia, psicoanalisi, relazione-di-coppia, teoria, rapporti-paziente-terapeuta, case-studies / Il volume fa riferimento con particolare attenzione agli aspetti relazionali, oltre a quelli intrapsichici, dell'incontro psicoterapeutico che si rivolge alle coppie e alle famiglie. Il percorso espositivo prende le mosse dalla teorizzazione psicoanalitica che riconosce la natura e lo sviluppo relazionale della personalità, così come l'esigenza di un ambiente di cure adeguato, responsivo e di sostegno, affinché l'individuo possa giungere ad una maturità affettiva e ad una salute psichica sufficienti. Il saggio comprende poi l'esposizione dei principali concetti che definiscono l'evoluzione della psicoterapia psicoanalitica della coppia e le caratteristiche che contraddistinguono la teoria della tecnica. La presenza dei molti riferimenti clinici è utile ad affrontare la complessa realtà della seduta congiunta con i due partner. Per il terapeuta "parlare con la coppia" significa infatti non solo comunicare con la voce, ma diventa anche un veicolo di espressione dei propri pensieri e delle proprie emozioni.
650 _aterapia
942 _cBK
957 _71
999 _a53494
_bsi
_g1
_c209727
_d209727